A History of Modern India/ (Record no. 203134)

MARC details
000 -LEADER
fixed length control field 00549nam a22001817a 4500
005 - DATE AND TIME OF LATEST TRANSACTION
control field 20240521163902.0
010 ## - LCCN (DPL NO)
LC control number ENG-140451
020 ## - INTERNATIONAL STANDARD BOOK NUMBER
International Standard Book Number 9789356061552
Terms of availability 350.00
035 ## - SYSTEM CONTROL NUMBER
System control number EN-123983
037 ## - SOURCE OF ACQUISITION
Source of stock number/acquisition DBAD
082 ## - DEWEY DECIMAL CLASSIFICATION NUMBER
Classification number 954
100 ## - MAIN ENTRY--PERSONAL NAME
Personal name Malhotra, Raj
245 ## - TITLE STATEMENT
Title A History of Modern India/
Statement of responsibility, etc By Raj Malhotra
260 ## - PUBLICATION, DISTRIBUTION, ETC. (IMPRINT)
Date of publication, distribution, etc 2017
Place of publication, distribution, etc Noida
Name of publisher, distributor, etc Pearson India
270 ## - ADDRESS
Address 15th Floor,, Tower-B, World Trade, Plot No.1, Block-C, Sector-16,
City Noida
Postal code 201301
300 ## - PHYSICAL DESCRIPTION
Dimensions 25cm(pbk)
Extent vp.
Other physical details ill.
942 ## - ADDED ENTRY ELEMENTS (KOHA)
Item type English Books
Source of classification or shelving scheme Dewey Decimal Classification
Classification part 954
Call number suffix MAL
Holdings
Withdrawn status Lost status Not for loan Collection code Home library Current library Date acquired Source of acquisition Cost, normal purchase price Full call number Barcode Copy number Cost, replacement price Koha item type
      Non-fiction Shahdara Branch Shahdara Branch 21/05/2024 DBAD 350.00 954 MAL EN-123983 1 350.00 English Books

© Delhi Public Library
Hit Counter
free hit counter